BIBLIOTHÈQUE DE LA MAISON DU MEXIQUE

Logo 1 Logo 2

Josele T. Cesarman (notice nᵒ 927)

détails MARC
000 -Sello discográfico
campo de control de longitud fija 01080nam a2200349 4500
005 - Identificación de versión
campo de control 20251017062718.0
010 ## - Número Estándar Internacional de Libros (ISBN)
Número (ISBN) 968-842-307-6
035 ## - Otros números de control del sistema
Número de control del sistema 21343
099 ## - fechas locales
Tipo de ítem Koha LIBRO
100 ## - Datos de procesamiento general
Datos de procesamiento general 19960724d1992 m y1spay5003 ba
101 1# - Idioma del recurso
Idioma del texto, banda sonora, etc. Español; Castellano
-- Inglés
105 ## - Campo de datos codificados: Material textual, monográfico
Datos codificados de monografía a 001zy
200 1# - Título y mención de responsabilidad
Título propio Josele T. Cesarman
Designación general del material texto impreso
Primer mención de responsabilidad Presentación Carlos Fuentes
Declaración de responsabilidad subsiguiente textos profanos Héctor Azar
-- traducción Kenneth Johnson
205 ## - Declaración de edición
Declaración de edición 1a ed
210 ## - Publicación, distribución, etc.
Lugar de publicación, distribución, etc. México
Nombre del editor, distribuidor, etc. Miguel Angel Porrúa
Fecha de publicación, distribución, etc. 1992
215 ## - Descripción física
Designación de material específico y extensión del ítem 114 p
Otras características físicas principalmente fot.
Dimensiones 23 cm
300 ## - Notas generales
Texto de la nota Edición bilingüe español-inglés
345 ## - Nota de información de adquisición
Fuente de adquisición/dirección de la suscripción [OBSOLETO] Intercambio
600 ## - Nombre personal usado como materia
Elemento de entrada Cesarman
Parte del nombre distinta del elemento de entrada Josele T
Número Koha 2500
606 ## - Término temático usado como materia
Elemento de entrada Pintura mexicana
Subdivisión cronológica Siglo XX
Número Koha 737
660 ## - Código de área geográfica
Código MX
702 ## - Nombre personal - Responsabilidad secundaria
Elemento de entrada Azar Barbar
Parte del nombre distinta del elemento de entrada Héctor
Fechas 1930-2000
Número Koha 2501
702 ## - Nombre personal - Responsabilidad secundaria
Elemento de entrada Fuentes Macías
Parte del nombre distinta del elemento de entrada Carlos
Fechas 1928-2012
Número Koha 28
702 ## - Nombre personal - Responsabilidad secundaria
Elemento de entrada Johnson
Parte del nombre distinta del elemento de entrada Kenneth
Número Koha 2502
801 #0 - Fuente de origen
Agencia cm
900 ## -
-- 1/12618
900 ## -
-- 710962111\\240796
942 ## - ELEMENTOS DE ENTRADA SECUNDARIOS (KOHA)
Tipo de ítem Koha Livre
996 ## -
-- MEX
-- 751145101
-- MMAG
-- 005693
-- 759.972 C421J
-- 20211229LIV
Exemplaires
Estatus retirado Estado de daño Estado de pérdida Fecha de adquisición Biblioteca de origen Biblioteca actual Ubicación en estantería Código de barras Precio de reemplazo Signatura topográfica completa No para préstamo Tipo de ítem Koha Nota pública Nota no pública
      05/08/2025 Casa México Paris Casa México Paris   005693 05/08/2025 759.972 C421J   Livre 20211229LIV 751145101